LEADER 00812nam0-22002771i-450- 001 990006101940403321 005 19980601 035 $a000610194 035 $aFED01000610194 035 $a(Aleph)000610194FED01 035 $a000610194 100 $a19980601d1955----km-y0itay50------ba 105 $a--------00-yy 200 1 $aQuesiti di spiritismo$edomande e risposte$emolti fatti e pochi ragionamenti$fGiovanni Battista Alfano. 210 $aNapoli$cArti grafiche Adriana$d1955 215 $a797 p.$d24 cm 676 $a133.9 700 1$aAlfano,$bGiovanni Battista$f<1878-1955>$079556 801 0$aIT$bUNINA$gRICA$2UNIMARC 901 $aBK 912 $a990006101940403321 952 $aXVII 334$b47877$fFGBC 959 $aFGBC 996 $aQuesiti di spiritismo$9574407 997 $aUNINA DB $aGIU01 LEADER 00882nam a2200265 i 4500 001 991001701939707536 005 20020507150740.0 008 000218s1972 it 000 0 ita 035 $ab1155177x-39ule_inst 035 $aLE02723514$9ExL 040 $aDip.to Studi Giuridici$bita 082 0 $a302.2 100 1 $aSemama, Paolo$0310637 245 10$aArgomentazione e persuasione /$cPaolo Semama 260 $aMilano :$bA. Giuffrè,$c1972 300 $a290 p. ;$c22 cm. 650 4$aArgomentazione 650 4$aComunicazione 650 4$aPersuasione 907 $a.b1155177x$b02-04-14$c02-07-02 912 $a991001701939707536 945 $aLE027 302.20 SEM01.02$g1$i2027000181667$lle027$o-$pE0.00$q-$rl$s- $t0$u0$v0$w0$x0$y.i11751897$z02-07-02 996 $aArgomentazione e persuasione$9863280 997 $aUNISALENTO 998 $ale027$b01-01-00$cm$da $e-$feng$git $h0$i1